| Tag |
First Indicator |
Second Indicator |
Subfields |
| LEADER |
00000cam a2200000 4500 |
| 001 |
in00000713321 |
| 005 |
20151016055030.0 |
| 008 |
780811s1912 nyu 00010 engmc |
| 010 |
|
|
|a a 12000714
|
| 035 |
|
|
|a (OCoLC)04130751
|
| 035 |
|
|
|9 ADC6071AM
|
| 040 |
|
|
|a Haverhill Mass. Pub. Libr.
|c YWM
|d YWM
|d TXA
|d UtOrBLW
|
| 041 |
1 |
|
|a eng
|a rus
|
| 049 |
|
|
|a TXAM
|c [104483]
|
| 090 |
|
|
|a PG3366
|b .Z5 1912
|
| 092 |
|
|
|a 891.72
|b T654ma
|
| 100 |
1 |
|
|a Tolstoy, Leo,
|c graf,
|d 1828-1910.
|
| 240 |
1 |
0 |
|a Zhivoi trup. English. 1912
|
| 245 |
1 |
4 |
|a The man who was dead :
|b (The living corpse), The cause of it all, dramas /
|c by Leo Tolstoy, ed. by Dr. Hagberg Wright.
|
| 264 |
|
1 |
|a New York :
|b Dodd, Mead and company,
|c 1912.
|
| 300 |
|
|
|a 190 pages ;
|c 18 cm.
|
| 336 |
|
|
|a text
|b txt
|2 rdacontent
|
| 337 |
|
|
|a unmediated
|b n
|2 rdamedia
|
| 338 |
|
|
|a volume
|b nc
|2 rdacarrier
|
| 700 |
1 |
|
|a Wright, C. T. Hagberg
|q (Charles Theodore Hagberg),
|d 1862-1940.
|
| 740 |
4 |
|
|a The cause of it all.
|
| 999 |
|
|
|a MARS
|
| 999 |
f |
f |
|s 8fc61211-82ac-3c88-8a9f-02a0f22c32a8
|i e483888e-e773-3984-96fe-ffbfb172ed93
|t 0
|
| 952 |
f |
f |
|p ric
|a Texas A&M University
|b Rellis Campus
|c Joint Library Facility
|s JLF
|d Remote Storage
|t 0
|e PG3366 .Z5 1912
|h Library of Congress classification
|i unmediated -- volume
|m A14801395413
|
| 998 |
f |
f |
|a PG3366 .Z5 1912
|t 0
|l Remote Storage
|